| 000 | 01091cab a2200277 4500 | ||
|---|---|---|---|
| 001 | ABS51966 | ||
| 008 | 090401t1994 xxu||||| |||| 00| 0 eng d | ||
| 035 | _a(Sirsi) u53169 | ||
| 041 | _aeng | ||
| 100 | _aHoltham, D. | ||
| 245 | _aRoom for improvement | ||
| 260 | _c1994 | ||
| 350 | _a0 | ||
| 490 |
_aBuilding _v259(7873) 16 December 1994, 19(1) |
||
| 520 | _aMakes suggestions to the Woolf Review of the Civil Justice system specifically relevant to construction disputes, including recommendations for speeding up litigation by limiting disclosure to strictly relevant documents, not allowing amendments to pleadings, greater use of written submissions and the creation of a less adversarial legal framework. | ||
| 650 | _aCIVIL JUSTICE SYSTEM | ||
| 650 | _aCONSTRUCTION DISPUTES | ||
| 650 | _aREFORM | ||
| 650 | _aWOOLF REVIEW | ||
| 650 | _aWRITTEN SUBMISSIONS | ||
| 690 | _aMANAGEMENT-DISPUTE AVOIDANCE, MANAGEMENT AND RESOLUTION-DISPUTE MANAGEMENT AND RESOLUTION-ARBITRATION | ||
| 690 | _aBUILT ENVIRONMENT | ||
| 690 | _aLAW | ||
| 942 | _n0 | ||
| 948 | _c04/03/1997 | ||
| 999 |
_c32795 _d32795 |
||